| 000 | 00910nam a2200301 a 4500 | ||
|---|---|---|---|
| 999 |
_c686 _d686 |
||
| 008 | 191014r20092012ii a|||g |||| 001 0 eng d | ||
| 020 |
_a9788131723258 _cRs. 750.00 |
||
| 040 |
_aKO _beng |
||
| 041 | 0 | _aeng | |
| 044 | _aii | ||
| 082 | 0 | 4 |
_223 _a543.1 _bM5231 |
| 100 | 1 | _aVogel, Arthur I | |
| 245 | 1 | 0 |
_aVogel's Textbook of Quantitative Chemical Analysis / _cArthur I Vogel ; Revised by J. Mendham .... [et al.] |
| 250 | _a6th ed. | ||
| 260 |
_aNoida : _bDorling Kindersley (India) Pvt Ltd, _c2009, reprinted 2012 |
||
| 300 |
_axxix, 790 p. : _bill. ; _c24 cm. |
||
| 504 | _aIncludes index. | ||
| 650 | 0 |
_aChemistry _vTextbooks |
|
| 650 | 0 |
_aChemistry, Analytic--Qualitative _vTextbooks |
|
| 700 |
_aMedham, J. _eaut |
||
| 700 |
_aDenney, R. C. _eaut |
||
| 700 |
_aBarnes, J. D. _eaut |
||
| 700 |
_aThomas, M. _eaut |
||
| 700 |
_aSivasankar, B. _eaut |
||
| 904 | _aS_JOY | ||
| 942 | _cBK | ||